States by the Population of Largest City Quiz Stats

 Plays Quiz not verified by Sporcle

Support Sporcle.
Go Orange.
Score 0/50 Timer 10:00
0 Plays Today
Largest City's Population (Rank in US) State % Correct
8,175,133 (1)New York
96.8%
3,792,621 (2)California
92.6%
2,695,598 (3)Illinois
90.4%
2,099,451 (4)Texas
90.4%
1,445,632 (6)Arizona
89.4%
1,526,006 (5)Pennsylvania
89.4%
821,784 (11)Florida
77.7%
787,033 (15)Ohio
73.4%
820,445 (12)Indiana
71.3%
713,777 (18)Michigan
68.1%
731,424 (17)North Carolina
66%
617,594 (22)Massachusetts
63.8%
646,889 (20)Tennessee
63.8%
608,660 (23)Washington
63.8%
620,961 (21)Maryland
59.6%
600,158 (26)Colorado
56.4%
42,417 (*)Vermont
56.4%
597,337 (27)Kentucky
55.3%
594,833 (28)Wisconsin
54.3%
59,466 (*)Wyoming
54.3%
583,776 (29)Oregon
53.2%
420,003 (40)Georgia
52.1%
459,787 (37)Missouri
50%
70,851 (*)Delaware
48.9%
583,756 (30)Nevada
48.9%
Largest City's Population (Rank in US) State % Correct
579,999 (31)Oklahoma
48.9%
437,994 (39)Virginia
47.9%
66,194 (*)Maine
45.7%
382,578 (48)Minnesota
45.7%
545,852 (32)New Mexico
45.7%
343,829 (52)Louisiana
44.7%
51,400 (*)West Virginia
44.7%
291,826 (64)Alaska
43.6%
382,368 (49)Kansas
43.6%
408,958 (42)Nebraska
43.6%
186,440 (125)Utah
43.6%
337,256 (53)Hawaii
42.6%
105,549 (254)North Dakota
42.6%
212,237 (97)Alabama
40.4%
277,140 (68)New Jersey
40.4%
205,671 (104)Idaho
39.4%
104,170 (261)Montana
37.2%
203,433 (106)Iowa
36.2%
109,565 (239)New Hampshire
36.2%
153,888 (154)South Dakota
36.2%
144,229 (168)Connecticut
35.1%
193,524 (118)Arkansas
34%
173,514 (135)Mississippi
34%
129,272 (192)South Carolina
34%
178,042 (131)Rhode Island
33%

You're not logged in!

Compare scores with friends on all Sporcle quizzes.
OR
Log In

From the Vault

Things That Are Blue II

by SporcleEXP

Hopefully these images aren't too out of the blue for you.
Remove Ads.
Support Sporcle.
Get the best of Sporcle when you Go Orange. This ad-free experience offers more features, more stats, and more fun while also helping to support Sporcle. Thank you for becoming a member.

Show Comments

Extras

Top Quizzes Today


Score Distribution

Your Account Isn't Verified!

In order to create a playlist on Sporcle, you need to verify the email address you used during registration. Go to your Sporcle Settings to finish the process.

Report this User

Report this user for behavior that violates our Community Guidelines.

Details: